[Event "NZL-ch Rapid op 132nd"]
[Site "Wellington"]
[Date "2025.01.12"]
[Round "7"]
[White "Chang, Luke"]
[Black "Zhu, David Junyang"]
[Result "0-1"]
[WhiteElo "2025"]
[BlackElo "1826"]
[PlyCount "110"]
[EventDate "2025.01.11"]
[EventType "swiss (rapid)"]
[EventRounds "9"]
[EventCountry "NZL"]
[SourceTitle "CB03_2025"]
[SourceDate "2025.01.15"]
[SourceVersion "1"]
[SourceVersionDate "2025.01.15"]
[SourceQuality "1"]

1. e4 e5 2. Nf3 Nc6 3. Bb5 Nge7 4. 0-0 Ng6 5. c3 d5 6. exd5 Qxd5 7. Bxc6+ bxc6 8. Re1 Bg4 9. d4 Be7 10. dxe5 Qxd1 11. Rxd1 Nxe5 12. Re1 Nxf3+ 13. gxf3 Bxf3 14. Bg5 f6 15. Bf4 Kf7 16. Nd2 Bg4 17. Bxc7 Rac8 18. Ba5 Bd8 19. Bb4 c5 20. Ba3 Bb6 21. Re3 Rhd8 22. Nb3 c4 23. Nd4 Bxd4 24. cxd4 Rxd4 25. Re7+ Kg6 26. h3 Bxh3 27. Kh2 Bf5 28. Rg1+ Rg4 29. Rxg4+ Bxg4 30. Rxa7 Be6 31. Bd6 c3 32. bxc3 Rxc3 33. a4 Rc2 34. Kg3 Rd2 35. Bf4 Rd3+ 36. Be3 h5 37. a5 Ra3 38. Kh4 Ra4+ 39. Kg3 Rg4+ 40. Kh2 Ra4 41. Bb6 h4 42. Re7 Bf5 43. Re3 Kf7 44. Rb3 g5 45. Rb5 Bd7 46. Rd5 Ke6 47. Rd2 Bc6 48. Rd1 Bf3 49. Re1+ Kf5 50. Rc1 Ke6 51. Re1+ Kf5 52. Rc1 Be4 53. Re1 g4 54. Bc7 Ra3 55. Bb6 Rh3+ 0-1

[Event "NZL-ch Rapid op 132nd"]
[Site "Wellington"]
[Date "2025.01.11"]
[Round "3"]
[White "Fabay, Jenre Angelo"]
[Black "Zhu, David Junyang"]
[Result "0-1"]
[WhiteElo "1733"]
[BlackElo "1826"]
[PlyCount "46"]
[EventDate "2025.01.11"]
[EventType "swiss (rapid)"]
[EventRounds "9"]
[EventCountry "NZL"]
[SourceTitle "CB03_2025"]
[SourceDate "2025.01.15"]
[SourceVersion "1"]
[SourceVersionDate "2025.01.15"]
[SourceQuality "1"]

1. Nf3 Nf6 2. d4 d5 3. Bf4 e6 4. e3 Bd6 5. Bxd6 Qxd6 6. Bd3 b6 7. c3 Bb7 8. Nbd2 0-0 9. 0-0 Nbd7 10. Qc2 e5 11. Nxe5 Nxe5 12. dxe5 Qxe5 13. Nf3 Qh5 14. Rfe1 Ne4 15. Rad1 Rfe8 16. Qe2 a5 17. c4 dxc4 18. Bxc4 Rad8 19. Rxd8 Rxd8 20. Rd1 Rd6 21. h3 Ng5 22. Bxf7+ Nxf7 23. Rxd6 Nxd6 0-1

[Event "NZL-ch Rapid op 132nd"]
[Site "Wellington"]
[Date "2025.01.11"]
[Round "4"]
[White "Zhu, David Junyang"]
[Black "Ker, Anthony F"]
[Result "1/2-1/2"]
[WhiteElo "1826"]
[BlackElo "2228"]
[PlyCount "129"]
[EventDate "2025.01.11"]
[EventType "swiss (rapid)"]
[EventRounds "9"]
[EventCountry "NZL"]
[SourceTitle "CB03_2025"]
[SourceDate "2025.01.15"]
[SourceVersion "1"]
[SourceVersionDate "2025.01.15"]
[SourceQuality "1"]

1. d4 Nf6 2. c4 e6 3. Nf3 Bb4+ 4. Nbd2 b6 5. a3 Bxd2+ 6. Qxd2 Bb7 7. g3 0-0 8. Bg2 d6 9. 0-0 Nbd7 10. b4 Be4 11. Bb2 Qc8 12. Ng5 Bxg2 13. Kxg2 Qb7+ 14. f3 h6 15. Nh3 d5 16. Rac1 dxc4 17. Rxc4 b5 18. Rc2 Nb6 19. e4 Nc4 20. Qf4 Nxb2 21. Rxb2 Rfd8 22. Rd2 Qb6 23. Rc1 Rxd4 24. Rxd4 Qxd4 25. Rxc7 Rd8 26. Nf2 a6 27. Ng4 Qd2+ 28. Qxd2 Rxd2+ 29. Kh3 Nxg4 30. Kxg4 Rd3 31. a4 bxa4 32. Rc6 Rb3 33. Rxa6 Rxb4 34. Kf4 g6 35. Ke5 Kg7 36. Ra7 Rb3 37. Rxa4 Rxf3 38. Ra2 g5 39. Kd4 Kg6 40. e5 Kf5 41. Ra7 Kg4 42. Ra2 Kh3 43. Ke4 g4 44. Rd2 h5 45. Rc2 Rf1 46. Rd2 Rh1 47. Rf2 Rxh2 48. Rxf7 Kxg3 49. Rf6 h4 50. Rxe6 h3 51. Rg6 Re2+ 52. Kf5 Rf2+ 53. Kg5 h2 54. Rh6 Rf1 55. Rxh2 Kxh2 56. Kxg4 Re1 57. Kf5 Kg3 58. e6 Kh4 59. Kf6 Kh5 60. e7 Kh6 61. Kf7 Rf1+ 62. Ke6 Kg7 63. e8Q Re1+ 64. Kd7 Rxe8 65. Kxe8 1/2-1/2

[Event "NZL-ch op 132nd"]
[Site "Wellington"]
[Date "2025.01.08"]
[Round "7"]
[White "Metge, J Nigel"]
[Black "Zhu, David Junyang"]
[Result "1-0"]
[WhiteElo "1885"]
[BlackElo "1826"]
[PlyCount "79"]
[EventDate "2025.01.02"]
[EventType "swiss"]
[EventRounds "9"]
[EventCountry "NZL"]
[SourceTitle "CB03_2025"]
[SourceDate "2025.01.15"]
[SourceVersion "1"]
[SourceVersionDate "2025.01.15"]
[SourceQuality "1"]

1. d4 Nf6 2. c4 e6 3. Nc3 Bb4 4. a3 Bxc3+ 5. bxc3 b6 6. e3 Nc6 7. Bd3 Ba6 8. e4 d6 9. Qa4 Bb7 10. d5 Qd7 11. dxc6 Bxc6 12. Qc2 d5 13. cxd5 exd5 14. exd5 Bxd5 15. Qe2+ Kf8 16. Nf3 Re8 17. Be3 Nh5 18. 0-0-0 Nf4 19. Qd2 Nxg2 20. Be4 Nxe3 21. fxe3 Rxe4 22. Qxd5 Qxd5 23. Rxd5 Rxe3 24. Rd8+ Re8 25. Rhd1 Ke7 26. R8d7+ Kf6 27. Rxc7 a5 28. Rd6+ Re6 29. Rxf7+ Kxf7 30. Ng5+ Kf6 31. Nxe6 Rb8 32. Nd4+ Kg5 33. Rd7 Kf6 34. a4 Rc8 35. Nb5 Rc4 36. Rd4 Rxd4 37. cxd4 Ke6 38. Kd2 g5 39. Kd3 Kd5 40. Nc3+ 1-0

[Event "NZL-ch op 132nd"]
[Site "Wellington"]
[Date "2025.01.04"]
[Round "3"]
[White "Guerra, Romie Lord"]
[Black "Zhu, David Junyang"]
[Result "1-0"]
[WhiteElo "2003"]
[BlackElo "1826"]
[PlyCount "91"]
[EventDate "2025.01.02"]
[EventType "swiss"]
[EventRounds "9"]
[EventCountry "NZL"]
[SourceTitle "CB03_2025"]
[SourceDate "2025.01.15"]
[SourceVersion "1"]
[SourceVersionDate "2025.01.15"]
[SourceQuality "1"]

1. d4 Nf6 2. Nf3 e6 3. Bg5 d5 4. e3 h6 5. Bh4 Be7 6. Nbd2 b6 7. Ne5 0-0 8. Bd3 Bb7 9. 0-0 Nfd7 10. Bxe7 Qxe7 11. f4 c5 12. c3 Nxe5 13. fxe5 Ba6 14. Bxa6 Nxa6 15. Qg4 Nc7 16. Rf3 Qg5 17. Qh3 Kh7 18. Raf1 f5 19. exf6 Rxf6 20. Rxf6 gxf6 21. Rf3 Rg8 22. Rg3 Qf5 23. Qxf5+ exf5 24. Rf3 Kg6 25. Nf1 Nb5 26. Ng3 Nd6 27. Ne2 cxd4 28. Nf4+ Kf7 29. exd4 Re8 30. Rf1 Nc4 31. b3 Ne3 32. Re1 Re4 33. g3 Ke8 34. h3 Kd7 35. Kf2 Nc2 36. Re2 Rxe2+ 37. Kxe2 Kd6 38. Nh5 Na3 39. Ng7 Nb5 40. Kd3 Nc7 41. Nxf5+ Ke6 42. g4 Ne8 43. Nxh6 Nd6 44. c4 dxc4+ 45. bxc4 a5 46. a4 1-0

[Event "North Island-ch Staurt Memorial"]
[Site "Auckland"]
[Date "2023.07.14"]
[Round "3"]
[White "Zhu, David Junyang"]
[Black "Ng, Lok Jim Lauren"]
[Result "1-0"]
[WhiteElo "1640"]
[BlackElo "1342"]
[PlyCount "89"]
[EventDate "2023.07.13"]
[EventType "swiss"]
[EventRounds "8"]
[EventCountry "NZL"]
[SourceTitle "EXT 2024"]
[Source "ChessBase"]
[SourceDate "2023.10.10"]
[SourceVersion "1"]
[SourceVersionDate "2023.10.10"]
[SourceQuality "1"]

1. d4 Nf6 2. c4 g6 3. g3 Bg7 4. Bg2 d6 5. Nc3 0-0 6. Nf3 Nbd7 7. 0-0 c5 8. e4 Nb6 9. b3 Bg4 10. Be3 Qc7 11. Rc1 Nfd7 12. h3 Bxf3 13. Bxf3 a6 14. a4 cxd4 15. Bxd4 Ne5 16. Bg2 e6 17. f4 Nc6 18. Bxg7 Kxg7 19. f5 exf5 20. exf5 f6 21. Kh2 Rae8 22. Nd5 Qd8 23. Nf4 gxf5 24. Bxc6 bxc6 25. c5 Nc8 26. cxd6 Qd7 27. Qf3 Na7 28. Qd3 Kh8 29. Rfe1 Re4 30. Rxe4 fxe4 31. Qd4 Kg8 32. Rd1 f5 33. Nh5 Qf7 34. Nf6+ Kg7 35. Nd7+ Kg8 36. Nxf8 Qxf8 37. d7 Qd8 38. Qxa7 Kg7 39. Qb7 e3 40. Qc8 e2 41. Re1 Qb6 42. Rxe2 Qxb3 43. d8Q f4 44. Qg5+ Kf7 45. Re7# 1-0

[Event "Wellington op"]
[Site "Wellington"]
[Date "2023.04.07"]
[Round "1"]
[White "Zhu, David Junyang"]
[Black "Croad, Nicholas"]
[Result "0-1"]
[WhiteElo "1640"]
[BlackElo "2197"]
[PlyCount "93"]
[EventDate "2023.04.07"]
[EventType "swiss"]
[EventRounds "6"]
[EventCountry "NZL"]
[SourceTitle "EXT 2025"]
[Source "ChessBase"]
[SourceDate "2024.10.14"]
[SourceVersion "1"]
[SourceVersionDate "2024.10.14"]
[SourceQuality "1"]

1. d4 Nf6 2. c4 e6 3. g3 Bb4+ 4. Bd2 Be7 5. Nf3 0-0 6. Bg2 d5 7. Qc2 Nbd7 8. 0-0 c6 9. Rc1 Ne4 10. Bf4 g5 11. Be3 f5 12. Ne5 Nd6 13. cxd5 exd5 14. Nc3 f4 15. Bd2 Nxe5 16. dxe5 Nc4 17. e4 d4 18. Qb3 b5 19. Nd5 cxd5 20. exd5 Nxd2 21. Qd3 f3 22. Qxd2 fxg2 23. Qxd4 Qb6 24. Qd2 Bb7 25. d6 Rad8 26. Rc2 Bxd6 27. Qxg5+ Kh8 28. exd6 Qxd6 29. Re1 Rde8 30. Qc1 Qb4 31. Rce2 Rxe2 32. Rxe2 Bf3 33. Re1 Qd4 34. b3 Be4 35. Qe3 Qxe3 36. Rxe3 Bf3 37. h3 b4 38. Kh2 Kg7 39. Kg1 h5 40. Kh2 Rf5 41. g4 hxg4 42. hxg4 Rf7 43. Kg1 Bb7 44. Rd3 Kg6 45. Rg3 Kg5 46. Rd3 Bf3 47. Kh2 0-1

[Event "South Island-ch"]
[Site "Invercargill"]
[Date "2022.10.08"]
[Round "8"]
[White "Zhu, David Junyang"]
[Black "Paxton, Levi"]
[Result "1/2-1/2"]
[WhiteElo "1499"]
[BlackElo "1668"]
[PlyCount "87"]
[EventDate "2022.10.05"]
[EventType "swiss"]
[EventRounds "8"]
[EventCountry "NZL"]
[SourceTitle "EXT 2024"]
[Source "ChessBase"]
[SourceDate "2023.10.10"]
[SourceVersion "1"]
[SourceVersionDate "2023.10.10"]
[SourceQuality "1"]

1. d4 Nf6 2. c4 b6 3. g3 Bb7 4. Nf3 e6 5. Bg2 Bb4+ 6. Bd2 Bxd2+ 7. Qxd2 0-0 8. Nc3 Na6 9. 0-0 Ne4 10. Nxe4 Bxe4 11. Ne5 Bxg2 12. Kxg2 d5 13. Qc3 c5 14. dxc5 bxc5 15. cxd5 exd5 16. Rfd1 d4 17. Qc4 Qb6 18. b3 Rae8 19. Nd7 Qc6+ 20. Kg1 Qxd7 21. Qxa6 Re6 22. Qc4 Rh6 23. Qxc5 Qh3 24. Qd5 Qxh2+ 25. Kf1 Rf6 26. Qg2 Qxg2+ 27. Kxg2 Rd8 28. Rd3 Kf8 29. Rad1 Ra6 30. R1d2 Ke7 31. e3 Rad6 32. Rxd4 Rxd4 33. Rxd4 Rxd4 34. exd4 Kd6 35. Kf3 Kd5 36. Ke3 f5 37. Kf4 Kxd4 38. Kxf5 Kc3 39. Ke6 Kb2 40. b4 Kxa2 41. Kd5 Kb3 42. Kc5 a6 43. f4 h5 44. Kd5 1/2-1/2

[Event "Henderson Trusts op-B 44th"]
[Site "Henderson"]
[Date "2022.06.04"]
[Round "2"]
[White "Zhu, David Junyang"]
[Black "Hurndell, Robert"]
[Result "1/2-1/2"]
[WhiteElo "1548"]
[BlackElo "1413"]
[PlyCount "74"]
[EventDate "2022.06.04"]
[EventType "swiss"]
[EventRounds "6"]
[EventCountry "NZL"]
[SourceTitle "EXT 2024"]
[Source "ChessBase"]
[SourceDate "2023.10.10"]
[SourceVersion "1"]
[SourceVersionDate "2023.10.10"]
[SourceQuality "1"]

1. d4 d5 2. c4 c6 3. g3 Nf6 4. Nf3 Bf5 5. Bg2 h6 6. 0-0 e6 7. Nc3 Be7 8. b3 0-0 9. Bb2 Nbd7 10. Re1 Rc8 11. Nd2 Bh7 12. e4 dxe4 13. Ndxe4 Nxe4 14. Nxe4 Nf6 15. a3 Nxe4 16. Bxe4 Bxe4 17. Rxe4 Bf6 18. Qf3 c5 19. Rd1 Qa5 20. Qc3 Qc7 21. Qc2 Rfd8 22. d5 Bxb2 23. Qxb2 exd5 24. cxd5 Rd6 25. Qe2 Rf8 26. Qc4 Qc8 27. Re2 b6 28. Rc2 Qf5 29. Rcd2 Rfd8 30. Kg2 Qd7 31. a4 Qb7 32. Rd3 Qd7 33. h3 Qb7 34. a5 Qc8 35. axb6 axb6 36. b4 cxb4 37. Qxb4 Qc5 1/2-1/2